The Solfege Scale - Statistics

General Stats
  • This quiz has been taken 26 times
  • The average score is 7 of 8
Answer Stats
Answer % Correct
Solfege Do
100%
Solfege Fa
100%
Solfege Mi
100%
Solfege Re
100%
Solfege Sol
100%
Solfege La
95%
Solfege Ti
95%
Previous Name for the First Answer Ut
19%
No matching quizzes found
Score Distribution
Percent of People with Each Score
Percentile by Number Answered
Your Score History
You have not taken this quiz